[Event "Titled Tue 10th Jun Early"]
[Site "chess.com INT"]
[Date "2025.06.10"]
[Round "6"]
[White "Jake Shanty"]
[Black "Howell, David W L"]
[Result "1/2-1/2"]
[WhiteTitle "FM"]
[BlackTitle "GM"]
[WhiteElo "2252"]
[BlackElo "2668"]
[WhiteFideId "33478066"]
[BlackFideId "410608"]
[EventDate "2025.06.10"]

1. Nf3 b6 2. b3 g6 3. Bb2 Nf6 4. g3 Bb7 5. Bg2 Bg7 6. O-O O-O 7. c4 c5 8. Nc3 e6
9. d4 d6 10. dxc5 bxc5 11. Qd2 Qe7 12. Rfd1 Rd8 13. Rac1 Nc6 14. Nb5 Ne8 15.
Bxg7 Kxg7 16. Qb2+ Qf6 17. Qxf6+ Kxf6 18. Nd2 Ke7 19. Ne4 f5 20. Ng5 h6 21. Nf3
g5 22. h4 g4 23. Ne1 a6 24. Nc3 Rab8 25. Nd3 Nd4 26. Nf4 Nf6 27. Re1 Ne4 28.
Nxe4 Bxe4 29. Bxe4 fxe4 30. Red1 a5 31. e3 Nf3+ 32. Kg2 a4 33. Rb1 Rb4 34. Rb2
Rdb8 35. Rdb1 Kf6 36. Ne2 Ke5 37. Nc3 axb3 38. axb3 d5 39. cxd5 exd5 40. Na4
R8b5 41. Rc1 Kd6 42. Rbc2 Rxb3 43. Nxc5 Rb1 44. Na4 Rxc1 45. Rxc1 Ra5 46. Nc3
Ke5 47. Ne2 Ra2 48. Nf4 Ra5 49. Rd1 Rb5 50. Ng6+ Kd6 51. Nf4 Ra5 52. Ne2 Ke5 53.
Nd4 Nxd4 54. Rxd4 Ra6 55. Rb4 h5 56. Rb8 Rh6 57. Re8+ Kf5 58. Rd8 Ke5 59. Rg8
Rh7 60. Rg5+ Kd6 61. Kf1 Kc5 62. Ke2 Kc4 63. Rg6 Kc5 64. Rg8 Kd6 65. Rd8+ Ke5
66. Kd2 Rf7 67. Ke1 Rf5 68. Kf1 Ke6 69. Rh8 Ke5 70. Kg2 Ke6 71. Rh6+ Kf7 72. Rd6
Ke7 73. Ra6 Kf7 74. Ra7+ Ke6 75. Kf1 Kd6 76. Ke2 Ke5 77. Re7+ Kd6 78. Rg7 Ke6
79. Rg6+ Kf7 80. Rb6 Ke7 81. Rh6 Kf7 82. Rb6 Ke7 83. Ra6 Kf7 84. Rc6 Ke7 85. Rh6
Kd7 86. Rg6 Ke7 87. Rh6 1/2-1/2

[Event "Titled Tue 10th Jun Early"]
[Site "chess.com INT"]
[Date "2025.06.10"]
[Round "6"]
[White "Samunenkov, Ihor"]
[Black "Harshavardhan, G B"]
[Result "1-0"]
[WhiteTitle "GM"]
[BlackTitle "IM"]
[WhiteElo "2562"]
[BlackElo "2472"]
[WhiteFideId "14187086"]
[BlackFideId "25059009"]
[EventDate "2025.06.10"]

1. d4 Nf6 2. Nc3 e6 3. Bf4 c5 4. d5 d6 5. e4 e5 6. Bd2 g6 7. f4 Nh5 8. Qf3 exf4
9. O-O-O Nd7 10. Bxf4 Nxf4 11. Qxf4 Ne5 12. Nf3 Bg7 13. Bb5+ Bd7 14. Bxd7+ Qxd7
15. Kb1 b5 16. Ne2 b4 17. Nxe5 Bxe5 18. Qf3 a5 19. Nf4 a4 20. Nd3 Qe7 21. Rhf1
O-O 22. Nxe5 Qxe5 23. Qf4 Qxf4 24. Rxf4 f6 25. Rdf1 Kg7 26. Kc1 a3 27. b3 Rac8
28. c4 Rce8 29. Kd2 h5 30. h4 g5 31. Rf5 gxh4 32. Kd3 Re5 33. Ke3 Rxf5 34. Rxf5
Kg6 35. Kf3 Re8 36. Rf4 Re5 37. Rxh4 f5 38. exf5+ Rxf5+ 39. Ke2 Rg5 40. Kf2 Rf5+
41. Ke2 Re5+ 42. Kf2 Kg5 43. g3 Rf5+ 44. Ke2 Re5+ 45. Kf2 Kg6 46. Rh1 Re4 47.
Kf3 Rd4 48. Ke3 Rg4 49. Kf3 Rd4 50. Ke3 Kg5 51. Rf1 Rg4 52. Kf3 Kf5 53. Ke3+ Ke5
54. Kf3 Kd4 55. Rf2 Kd3 56. Rh2 Rg5 57. Kf4 Re5 58. Kf3 Kc3 59. Kf4 Kd4 60. Kf3
Rf5+ 61. Ke2 Kc3 62. Ke3 Re5+ 63. Kf4 Kd3 64. Kf3 Rf5+ 65. Kg2 Ke3 66. Kh3 Rf2
67. Rxf2 Kxf2 68. Kh4 Ke3 69. Kxh5 Kd3 70. g4 Kc3 71. g5 Kb2 72. g6 Kxa2 73. g7
Kb1 74. g8=Q a2 75. Qg1+ Kb2 76. Qf2+ Kxb3 77. Qf6 Kc2 78. Qa1 b3 79. Kg5 Kd3
80. Kf4 Kxc4 81. Ke4 Kb4 82. Kd3 c4+ 83. Kd4 Kb5 84. Kc3 Kc5 85. Qd1 Kb5 86. Qg1
Ka6 87. Qf1 Ka5 88. Qe1 Kb5 89. Qd1 Ka5 90. Qc1 Ka4 91. Kxc4 1-0

[Event "Titled Tue 10th Jun Early"]
[Site "chess.com INT"]
[Date "2025.06.10"]
[Round "6"]
[White "Thorhallsson, Simon"]
[Black "Buyankhishig, Batpelden"]
[Result "1-0"]
[WhiteTitle "FM"]
[BlackTitle "WFM"]
[WhiteElo "2202"]
[BlackElo "2015"]
[WhiteFideId "2310090"]
[BlackFideId "4923537"]
[EventDate "2025.06.10"]

1. g4 d5 2. g5 c5 3. c3 Nc6 4. d4 Bf5 5. Bg2 e6 6. Nf3 cxd4 7. cxd4 Bb4+ 8. Bd2
Nge7 9. O-O O-O 10. Bf4 Bd6 11. Bg3 Nb4 12. Nc3 Rc8 13. Qa4 a6 14. Rfc1 Bxg3 15.
hxg3 Qd6 16. Ne5 b5 17. Qd1 Nbc6 18. f4 Nxe5 19. dxe5 Qb6+ 20. Kh2 b4 21. Na4
Qf2 22. Qe1 Qxe1 23. Rxe1 Rc2 24. Bf3 Rfc8 25. Kg2 Nc6 26. Rac1 Nd4 27. Rxc2
Rxc2 28. Kf2 Kf8 29. Ke3 Nb5 30. Kf2 d4 31. g4 Bg6 32. Kg3 Ke7 33. Rd1 Rc7 34.
Re1 Rc2 35. Bb7 a5 36. Kf3 d3 37. exd3 Bxd3 38. Be4 Nd4+ 39. Ke3 Bxe4 40. Kxd4
Bc6 41. Nb6 Rxb2 42. Ra1 a4 43. Kc5 Bf3 44. Nxa4 Rc2+ 45. Kxb4 Bxg4 46. Nc5 Rf2
47. Nd3 Rf3 48. Kc4 Bf5 49. Nc5 Rxf4+ 50. Kb5 h5 51. gxh6 gxh6 52. a4 Rf2 53. a5
Rb2+ 54. Kc6 Bg4 55. a6 Bf3+ 56. Kc7 Rc2 57. Kb6 h5 58. a7 Rb2+ 59. Kc7 Rc2 60.
Kb6 Rb2+ 61. Ka5 Rc2 62. Nd3 Rc8 63. Kb4 h4 64. Ne1 Bd5 65. Nd3 h3 66. Nf4 h2
67. Nxd5+ exd5 68. Rh1 Ra8 69. Rxh2 Rxa7 70. Kc5 Ra5+ 71. Kd4 Ke6 72. Rh6+ Kf5
73. Rf6+ Kg5 74. Rxf7 Kg6 75. Rf1 Kg7 76. Rf2 Kg6 77. e6 Kg7 78. Ke5 d4+ 79.
Kxd4 Ra1 80. Ke5 Re1+ 81. Kd6 Rd1+ 82. Ke7 Re1 83. Rg2+ Kh7 84. Kf7 Rf1+ 85. Ke8
Re1 86. e7 Re3 87. Rg4 Re1 88. Kd7 Rd1+ 89. Ke6 Re1+ 90. Kd6 Rd1+ 91. Ke5 Re1+
92. Re4 1-0

[Event "Titled Tue 10th Jun Early"]
[Site "chess.com INT"]
[Date "2025.06.10"]
[Round "6"]
[White "Flynn, Jacob"]
[Black "Souleidis, Georgios"]
[Result "1/2-1/2"]
[WhiteTitle "CM"]
[BlackTitle "IM"]
[WhiteElo "2274"]
[BlackElo "2418"]
[WhiteFideId "2509393"]
[BlackFideId "4206827"]
[EventDate "2025.06.10"]

1. Nf3 Nf6 2. g3 g6 3. Bg2 Bg7 4. O-O O-O 5. d3 d5 6. Bf4 Nc6 7. Ne5 Nxe5 8.
Bxe5 c6 9. Nc3 d4 10. Bxf6 exf6 11. Nb1 Re8 12. c3 f5 13. cxd4 Qxd4 14. Nc3 Be6
15. e3 Qb4 16. Qc2 Red8 17. d4 a5 18. Na4 Bd5 19. Nc5 a4 20. a3 Qb5 21. Rac1 b6
22. Nd3 Bxg2 23. Kxg2 c5 24. Qc4 Qxc4 25. Rxc4 cxd4 26. exd4 Rxd4 27. Rxd4 Bxd4
28. Rc1 Re8 29. Rc4 Rd8 30. Rxa4 Bf6 31. Nf4 Bxb2 32. Rb4 Bd4 33. a4 Bc5 34. Rb2
Ra8 35. Ra2 b5 36. a5 b4 37. Nd3 Bd6 38. Rb2 Rxa5 39. Nxb4 Rb5 40. Nd3 Rxb2 41.
Nxb2 g5 42. Nc4 Bc7 43. Ne3 f4 44. Nd5 Bd6 45. gxf4 gxf4 46. Kf3 Kg7 47. Nxf4
Kf6 48. Nh5+ Kg5 49. Ng3 Bb8 50. Kg2 h5 51. Ne4+ Kf4 52. Ng3 h4 53. Ne2+ Ke4 54.
Ng1 Kf4 55. Ne2+ Kg4 56. Ng1 Bc7 57. h3+ Kh5 58. Kf3 Bb6 59. Ne2 Ba7 60. Nf4+
Kg5 61. Nd5 Kg6 62. Nf4+ Kg5 63. Nd3 Kg6 64. Kg4 Bd4 65. Kxh4 Kf5 66. Kg3 Ke4
67. Ne1 Kf5 68. Ng2 Be5+ 69. Kf3 Bd6 70. Ne3+ Kg6 71. Kg4 f6 72. Nf5 Bf8 73. h4
Bc5 74. h5+ Kf7 75. Ne3 Bd4 76. Kf5 Bb6 77. Ng4 Bd4 78. Ne3 Ba1 79. Nd5 Bd4 80.
f3 Bb2 81. Nf4 Ba1 82. Nd3 Bc3 83. Nf2 Bd4 84. Ne4 Bb2 85. Nd6+ Kg7 86. Nc4 Ba1
87. Ne3 Kh6 88. Kg4 Be5 89. Nf5+ Kh7 90. f4 Bb2 91. Nh4 Kh6 92. Nf5+ Kh7 93. Ne3
Kh6 94. Nd5 Bd4 95. Kf5 Kxh5 96. Nxf6+ Kh6 97. Ng4+ Kg7 98. Ne5 Be3 99. Ke4 Bxf4 1/2-1/2

[Event "Titled Tue 10th Jun Early"]
[Site "chess.com INT"]
[Date "2025.06.10"]
[Round "6"]
[White "Manukyan, Sargis A."]
[Black "Mihajlovskij, Sergei"]
[Result "1-0"]
[WhiteTitle "FM"]
[WhiteElo "2294"]
[BlackElo "2292"]
[WhiteFideId "13303970"]
[BlackFideId "13500805"]
[EventDate "2025.06.10"]

1. d4 Nf6 2. c4 g6 3. Nc3 Bg7 4. Nf3 O-O 5. e4 d6 6. Be2 Na6 7. O-O e5 8. d5 Nc5
9. Qc2 a5 10. b3 Nh5 11. a3 Qe8 12. Be3 b6 13. b4 Nb7 14. Nb5 Qe7 15. c5 Nf4 16.
cxb6 cxb6 17. Bxb6 axb4 18. axb4 Bd7 19. Na7 f5 20. Bb5 Rxa7 21. Bxd7 Rxa1 22.
Rxa1 Qxd7 23. Qc6 Rf7 24. Ng5 Re7 25. g3 Ne2+ 26. Kf1 Nd4 27. Ra8+ Bf8 28. Bxd4
exd4 29. Ne6 Qxc6 30. dxc6 Kf7 31. Nxf8 Rc7 32. cxb7 Rxb7 33. Nxh7 Kg7 34. Ng5
Kf6 35. h4 fxe4 36. Nxe4+ Ke5 37. Re8+ Kd5 38. Nf6+ Kc4 39. Rc8+ Kd3 40. Nd5 Ke4
41. Nf4 Rxb4 42. Rd8 Kf3 43. Ke1 Rb1+ 44. Kd2 Kxf2 45. Nxg6 Kxg3 46. h5 Kg4 47.
h6 Rh1 48. Rh8 Kg5 49. Nf8 Rxh6 50. Rg8+ Kf6 51. Nd7+ Ke7 52. Nb6 Rh3 53. Rg6
Kf7 54. Rxd6 Ke7 55. Rc6 Kf7 56. Nd5 Kg7 57. Nb4 Kf7 58. Nd3 Rh2+ 59. Ke1 Ke7
60. Nf2 Kd7 61. Rc4 Rh4 62. Kd2 Ke6 63. Ra4 Kd5 64. Ke2 Rf4 65. Nd3 Re4+ 66. Kd2
Rh4 67. Ra5+ Kc4 68. Rc5+ Kb3 69. Rc8 Rh2+ 70. Kd1 Rh1+ 71. Ke2 Rh2+ 72. Kf3
Rh3+ 73. Ke4 Rh4+ 74. Kd5 Ka2 75. Rb8 Ka3 76. Kc4 Ka2 77. Ra8+ Kb1 78. Rg8 Kc2
79. Rg2+ Kd1 80. Ra2 Rh6 81. Ne5 Rh8 82. Nf3 Kc1 83. Kd3 Kb1 84. Rf2 Rc8 85.
Nd2+ Kb2 86. Nc4+ Kb3 87. Rb2+ Ka4 88. Rb1 Rc6 89. Kxd4 Rh6 90. Nd6 Rh4+ 91. Kc5
Ka3 92. Rb8 Rh5+ 93. Kd4 Rh4+ 94. Ne4 Ka4 95. Rb7 Ka5 96. Kc5 Rh5+ 97. Kc4 Ka6
98. Rb4 Rh4 99. Kc5 Ka5 100. Rc4 Rh1 101. Nc3 Rh5+ 102. Nd5 Rg5 103. Rc1 Ka4
104. Rb1 Ka3 105. Rb8 Ka2 106. Kc4 Rg4+ 107. Kc3 Rg3+ 108. Kd4 Rg4+ 109. Kd3
Rg3+ 110. Ne3 Ka3 111. Rb7 Ka4 112. Kc4 Ka3 113. Nc2+ Ka2 114. Nb4+ Ka3 115. Nd3
Ka2 116. Kc3 Ka3 117. Ra7# 1-0

[Event "Titled Tue 10th Jun Early"]
[Site "chess.com INT"]
[Date "2025.06.10"]
[Round "6"]
[White "Klys, Kacper"]
[Black "Venkatesh, Narayan"]
[Result "1-0"]
[BlackTitle "FM"]
[WhiteElo "2218"]
[BlackElo "2168"]
[WhiteFideId "21005281"]
[BlackFideId "30987881"]
[EventDate "2025.06.10"]

1. e4 b6 2. d4 Bb7 3. Nc3 e6 4. Bd3 Bb4 5. Ne2 Nf6 6. e5 Nd5 7. O-O Nxc3 8. bxc3
Be7 9. Ng3 d6 10. Qg4 g6 11. Bh6 Nd7 12. f4 c5 13. Rae1 Qc7 14. Ne4 O-O-O 15.
Ng5 Bxg5 16. Bxg5 Rde8 17. Qe2 f6 18. exf6 Rhf8 19. Bb5 Bc6 20. Bxc6 Qxc6 21.
Qa6+ Kb8 22. a4 Nxf6 23. a5 Qb7 24. Qb5 a6 25. Qxb6 Qxb6 26. axb6 Nd5 27. dxc5
dxc5 28. c4 Nxb6 29. Re5 Nd7 30. Re3 Kc7 31. Rd1 Nb6 32. Ra3 Kb7 33. Rb3 Kc7 34.
Ra3 Ra8 35. Re3 Rfe8 36. Re4 Kc6 37. Bf6 Ra7 38. Be5 Rd7 39. Ra1 Ra8 40. Bc3 Rd6
41. Ba5 Rf8 42. Rb1 Rb8 43. g3 Nd7 44. Ra1 Rb2 45. Be1 Kb7 46. Re2 Nb6 47. Bf2
Nxc4 48. Bxc5 Rc6 49. Bd4 Rb5 50. c3 Rd5 51. Rae1 a5 52. Rxe6 a4 53. Re7+ Rc7
54. Rxc7+ Kxc7 55. Ra1 Ra5 56. Kf2 a3 57. Ke2 a2 58. Kd3 Ra4 59. Kc2 Ra3 60. Kd3
Na5 61. Kc2 Nb3 62. Kb2 Nxa1 63. Kxa3 Nc2+ 64. Kxa2 Kc6 65. Kb3 Ne1 66. Kc4 Nf3
67. h4 h5 68. Kd3 Nh2 69. Ke4 Nf1 70. Kf3 Nd2+ 71. Ke3 Nf1+ 72. Kf2 Nd2 73. Be3
Nc4 74. Ke2 Kd5 75. Kd3 Nd6 76. Bf2 Nc4 77. Be1 Nd6 78. Ke3 Nf5+ 79. Kd3 Nd6 80.
Bf2 Nc4 81. Bd4 Nd6 82. Be5 Nc4 83. Bf6 Nd6 84. Bg7 Nc4 85. Be5 Nb2+ 86. Kc2 Nc4
87. Kd3 Nb2+ 88. Ke3 Nc4+ 89. Kf3 Nd2+ 90. Ke2 Nc4 91. Kf3 Nd2+ 92. Kf2 Nc4 93.
g4 hxg4 94. Kg3 Ne3 95. Bd4 Nf5+ 96. Kxg4 Ke4 97. Kg5 Kf3 98. Kxg6 Nxh4+ 99. Kg5
Kg3 100. f5 Nf3+ 101. Kf6 Kf4 102. Ke6 Ng5+ 103. Kf6 Ne4+ 104. Kg6 Nd6 105. f6
Ke4 106. f7 Nxf7 107. Kxf7 Kd5 108. Ke7 Kc4 109. Kd6 Kd3 110. Kc5 Kc2 111. Kb4
Kd1 112. c4 Kc2 113. c5 Kd3 114. Be5 Ke4 115. Kb5 Kd5 116. Kb6 Ke6 117. c6 Kxe5
118. c7 Kd4 119. c8=Q Ke3 120. Qc5+ Kd2 121. Qc4 Ke1 122. Qc2 Kf1 123. Kc5 Kg1
124. Kd4 Kh1 125. Ke3 1-0

[Event "Titled Tue 10th Jun Early"]
[Site "chess.com INT"]
[Date "2025.06.10"]
[Round "6"]
[White "Risteski, Emil"]
[Black "Martinez Alcantara, Jose Eduardo"]
[Result "0-1"]
[WhiteTitle "IM"]
[BlackTitle "GM"]
[WhiteElo "2374"]
[BlackElo "2611"]
[WhiteFideId "15005267"]
[BlackFideId "3805662"]
[EventDate "2025.06.10"]

1. g3 g6 2. Bg2 Bg7 3. e4 c5 4. Ne2 Nc6 5. c3 e5 6. O-O Nge7 7. d3 O-O 8. Be3 d6
9. d4 exd4 10. cxd4 b6 11. Nbc3 Ba6 12. Re1 Rc8 13. Qd2 cxd4 14. Nxd4 Ne5 15. b3
Bb7 16. Rad1 a6 17. Nd5 Nxd5 18. exd5 Qd7 19. h3 Qc7 20. f4 Nd7 21. Rc1 Qb8 22.
Nc6 Bxc6 23. dxc6 Nc5 24. b4 Ne6 25. Red1 Rfd8 26. a4 d5 27. Bxd5 Nd4 28. Qa2
Nxc6 29. Bxf7+ Kh8 30. Qb3 Nd4 31. Rxc8 Qxc8 32. Bxd4 Bxd4+ 33. Kh2 Qb7 34. Bc4
b5 35. axb5 axb5 36. Bf1 Qd7 37. Bg2 Qd6 38. Qb1 Kg7 39. h4 h5 40. Bf3 Qe7 41.
Qe4 Qxb4 42. f5 Qd6 43. fxg6 b4 44. Qb7+ Rd7 45. Qe4 b3 46. Qf5 b2 47. Qxh5 Qxg6
48. Qxg6+ Kxg6 49. Be4+ Kf6 50. Kg2 Ke5 51. Bb1 Rc7 52. Re1+ Kd5 53. Rf1 Rc3 54.
g4 Be5 55. Rf3 Rc1 56. Rf1 Rc3 57. Rf3 Rc1 58. Rf1 Rc7 59. g5 Rc3 60. Rf3 Rc1
61. Rf1 Rc3 62. Rf3 Rc4 63. g6 Rxh4 64. Rd3+ Ke6 65. Rf3 Rh2+ 66. Kg1 Rd2 67.
Rf1 Bd4+ 68. Kh1 Be5 69. Kg1 Ke7 70. Re1 Kf6 71. Rf1+ Kg7 72. Re1 Bf6 73. Kf1
Rd5 74. Re2 Rc5 75. Re1 Rc1 76. Ke2 Rc7 77. Rf1 Rc8 78. Kf3 Rc1 79. Ke2 Rc4 80.
Rd1 Rc7 81. Kd3 Re7 82. Kc2 Kxg6 83. Rg1+ Kh5 84. Rh1+ Kg4 85. Rg1+ Kh3 86. Rf1
Bg7 87. Kb3 Kg2 88. Rf5 Kg3 89. Rf1 Kh2 90. Rf5 Kg1 91. Rf3 Kg2 92. Rf5 Rc7 93.
Ka2 Rb7 94. Ka3 Ra7+ 95. Kb3 Kg3 96. Kc2 Kg4 97. Rf1 Rc7+ 98. Kb3 Be5 99. Rf2
Kg3 100. Rf8 Rc1 101. Ka2 Rc5 102. Re8 Kf2 103. Rxe5 Rxe5 104. Kxb2 Ke3 105. Ka1
Kd2 106. Ba2 Kc2 107. Bb1+ Kc3 108. Ba2 Rb5 109. Bb1 Rb6 110. Ba2 Kd2 111. Bb1
Kc3 112. Ba2 Kc2 113. Bb1+ Rxb1+ 114. Ka2 Rb3 115. Ka1 Ra3# 0-1

[Event "Titled Tue 10th Jun Early"]
[Site "chess.com INT"]
[Date "2025.06.10"]
[Round "7"]
[White "Povshednyi, Ivan"]
[Black "Bulgak, Damir"]
[Result "1-0"]
[WhiteTitle "FM"]
[WhiteElo "2309"]
[BlackElo "2213"]
[WhiteFideId "14190907"]
[BlackFideId "13528882"]
[EventDate "2025.06.10"]

1. d4 Nf6 2. c4 e6 3. Nc3 d5 4. cxd5 exd5 5. Bg5 c6 6. e3 Be7 7. Bd3 O-O 8. h3
Nbd7 9. Nf3 h6 10. Bf4 Re8 11. O-O Nf8 12. Qc2 Bd6 13. Bxd6 Qxd6 14. Ne5 Kh8 15.
Nxf7+ Kg8 16. Nxd6 1-0

[Event "Titled Tue 10th Jun Early"]
[Site "chess.com INT"]
[Date "2025.06.10"]
[Round "7"]
[White "Recuero Guerra, Javier"]
[Black "Cruz, Bitia"]
[Result "1-0"]
[WhiteTitle "FM"]
[BlackTitle "WCM"]
[WhiteElo "2126"]
[BlackElo "1696"]
[WhiteFideId "2254085"]
[BlackFideId "8400644"]
[EventDate "2025.06.10"]

1. e4 c5 2. Nf3 d6 3. d4 cxd4 4. Nxd4 Nc6 5. Nc3 Nf6 6. Bg5 g6 7. Bxf6 exf6 8.
Nd5 Be6 9. Bb5 Bxd5 10. exd5 Qe7+ 11. Kd2 Qc7 12. dxc6 O-O-O 13. cxb7+ Kb8 14.
Qf3 f5 15. Nc6+ Kxb7 16. Nxd8+ Kb8 17. Nc6+ Kc8 18. Rhe1 Bg7 19. Re7 Qb6 20.
Nxa7+ Kb8 21. Nc6+ Kc8 22. a4 Bxb2 23. Rb1 1-0

[Event "Titled Tue 10th Jun Early"]
[Site "chess.com INT"]
[Date "2025.06.10"]
[Round "7"]
[White "Murawski, Jan"]
[Black "Slovineanu, Viacheslav"]
[Result "0-1"]
[WhiteTitle "CM"]
[BlackTitle "IM"]
[WhiteElo "2164"]
[BlackElo "2412"]
[WhiteFideId "21009287"]
[BlackFideId "13900510"]
[EventDate "2025.06.10"]

1. c4 e5 2. Nc3 Bb4 3. Nd5 Be7 4. g3 Nf6 5. Nxe7 Qxe7 6. Bg2 O-O 7. d3 h6 8. Nf3
c5 9. O-O Nc6 10. Nd2 d6 11. f4 exf4 12. gxf4 Bg4 13. Ne4 Nxe4 14. Bxe4 Nd4 15.
Rf2 f5 16. Bd5+ Kh8 17. Kf1 Rae8 18. Bf3 Nxf3 19. exf3 Bh3+ 0-1

[Event "Titled Tue 10th Jun Early"]
[Site "chess.com INT"]
[Date "2025.06.10"]
[Round "7"]
[White "Chiang, Jacob"]
[Black "Koridze, Lile"]
[Result "1-0"]
[BlackTitle "WFM"]
[WhiteElo "2006"]
[BlackElo "2110"]
[WhiteFideId "30962331"]
[BlackFideId "13612514"]
[EventDate "2025.06.10"]

1. c4 e5 2. Nc3 Nf6 3. g3 d5 4. cxd5 Nxd5 5. Bg2 Nb6 6. d3 Nc6 7. Be3 Be7 8.
Bxc6+ bxc6 9. Nf3 Bd6 10. O-O O-O 11. Ne4 Bb7 12. Rc1 Nd5 13. Bc5 Qe7 14. Qb3
Rfb8 15. Qa3 Rd8 16. Nh4 g6 17. b4 f5 18. Nd2 Nf4 19. gxf4 Qxh4 20. fxe5 Bxe5
21. Qb3+ Kh8 22. Nf3 Qg4+ 23. Kh1 Bg7 24. Rg1 Qf4 25. Rc4 1-0

[Event "Titled Tue 10th Jun Early"]
[Site "chess.com INT"]
[Date "2025.06.10"]
[Round "7"]
[White "Jaiveer, Mahendru"]
[Black "Sitnic, Adnan"]
[Result "1-0"]
[WhiteTitle "FM"]
[BlackTitle "CM"]
[WhiteElo "2217"]
[BlackElo "2058"]
[WhiteFideId "25611151"]
[BlackFideId "14403854"]
[EventDate "2025.06.10"]

1. f4 g6 2. Nf3 Bg7 3. g3 c6 4. Bg2 d5 5. O-O Nf6 6. d3 O-O 7. Qe1 Qb6+ 8. Kh1
Ng4 9. c3 Ne3 10. Bxe3 Qxe3 11. Nbd2 Qb6 12. Nb3 a5 13. e4 a4 14. Nbd4 dxe4 15.
dxe4 Qxb2 16. e5 Nd7 17. e6 Nc5 18. exf7+ Rxf7 19. Rb1 Qxa2 20. Ng5 Rf8 21. Qxe7
h6 22. Qxc5 hxg5 23. Qxg5 Bf5 24. Nxf5 gxf5 25. Rxb7 Rf7 26. Rxf7 Qxf7 27. Bxc6
Rc8 28. Bxa4 Rxc3 29. Rd1 Qb7+ 30. Kg1 Qa7+ 31. Kh1 Qb7+ 32. Kg1 Qa7+ 33. Kg2
Qb7+ 34. Kh3 Rc8 35. Rd7 Qb2 36. Bb3+ Kf8 37. Rf7+ Ke8 38. Qe7# 1-0

[Event "Titled Tue 10th Jun Early"]
[Site "chess.com INT"]
[Date "2025.06.10"]
[Round "7"]
[White "Torres Rebolledo, Alvaro"]
[Black "Papaioannou, Dimitrios"]
[Result "0-1"]
[WhiteTitle "FM"]
[BlackTitle "CM"]
[WhiteElo "2318"]
[BlackElo "2206"]
[WhiteFideId "54587670"]
[BlackFideId "25865137"]
[EventDate "2025.06.10"]

1. d4 Nf6 2. c4 e6 3. Nc3 Bb4 4. e3 O-O 5. Ne2 d5 6. a3 Bd6 7. cxd5 exd5 8. Ng3
c6 9. Bd3 Re8 10. O-O Nbd7 11. f3 Nf8 12. Qc2 Ng6 13. Nf5 Bxf5 14. Bxf5 Qc7 15.
g3 Rad8 16. Bh3 Qe7 17. Bg2 Bc7 18. Bd2 h5 19. Rae1 h4 20. g4 Qd6 21. h3 Qh2+
22. Kf2 Bg3+ 23. Ke2 Qxg2+ 24. Kd1 Bxe1 0-1

[Event "Titled Tue 10th Jun Early"]
[Site "chess.com INT"]
[Date "2025.06.10"]
[Round "7"]
[White "Craciun, Sasha-Matei"]
[Black "Jake Shanty"]
[Result "1/2-1/2"]
[WhiteTitle "FM"]
[BlackTitle "FM"]
[WhiteElo "2320"]
[BlackElo "2252"]
[WhiteFideId "1281186"]
[BlackFideId "33478066"]
[EventDate "2025.06.10"]

1. e4 c5 2. Nf3 d6 3. d4 cxd4 4. Nxd4 Nf6 5. Nc3 a6 6. a3 e5 7. Nf5 Bxf5 8. exf5
d5 9. Bg5 d4 10. Ne4 Be7 11. Bxf6 Bxf6 12. Bc4 O-O 13. h4 Nd7 14. Qd2 Rc8 15.
Bd3 Nc5 16. Nxc5 Rxc5 17. Be4 Bxh4 18. f6 Qxf6 19. g3 Bg5 20. Bxh7+ Kh8 21. Bg6+
Kg8 22. Bh7+ Kh8 23. Bg6+ Kg8 24. Bh7+ 1/2-1/2

[Event "Titled Tue 10th Jun Early"]
[Site "chess.com INT"]
[Date "2025.06.10"]
[Round "7"]
[White "Nitish, Belurkar"]
[Black "Atis, Hasan"]
[Result "1-0"]
[WhiteTitle "IM"]
[BlackTitle "CM"]
[WhiteElo "2454"]
[BlackElo "2089"]
[WhiteFideId "5084768"]
[BlackFideId "44598017"]
[EventDate "2025.06.10"]

1. d4 d5 2. Nf3 e6 3. e3 Nf6 4. Bd3 Be7 5. Nbd2 O-O 6. O-O Nbd7 7. Re1 a6 8. e4
dxe4 9. Nxe4 Nxe4 10. Rxe4 Nf6 11. Rh4 g6 12. Bg5 Re8 13. Qd2 h5 14. Re1 Bd7 15.
Ne5 Nd5 16. Bxe7 Qxe7 17. Qh6 Qxh4 18. Bxg6 Qf6 19. Qh7+ Kf8 20. Nxd7+ 1-0

[Event "Titled Tue 10th Jun Early"]
[Site "chess.com INT"]
[Date "2025.06.10"]
[Round "7"]
[White "Mihajlovskij, Sergei"]
[Black "Begunov, Konstantin"]
[Result "0-1"]
[BlackTitle "FM"]
[WhiteElo "2292"]
[BlackElo "2325"]
[WhiteFideId "13500805"]
[BlackFideId "4118510"]
[EventDate "2025.06.10"]

1. e4 g6 2. d4 Bg7 3. Nc3 c6 4. Be3 d5 5. f3 dxe4 6. fxe4 e5 7. d5 Nf6 8. Be2
cxd5 9. exd5 O-O 10. Nf3 e4 11. Nd4 Nxd5 12. Nxd5 Qxd5 13. O-O Nc6 14. c4 Qe5
15. Nxc6 bxc6 16. Qc2 Qxb2 17. Qxe4 Qxe2 18. Rae1 Qxa2 19. Bc5 Bf5 0-1

[Event "Titled Tue 10th Jun Early"]
[Site "chess.com INT"]
[Date "2025.06.10"]
[Round "7"]
[White "Mummana Venkata Ruthvik"]
[Black "Deng, Henry"]
[Result "1/2-1/2"]
[WhiteTitle "CM"]
[BlackTitle "FM"]
[WhiteElo "2237"]
[BlackElo "2327"]
[WhiteFideId "25697307"]
[BlackFideId "30965454"]
[EventDate "2025.06.10"]

1. Nf3 d5 2. g3 Nf6 3. Bg2 c5 4. O-O Nc6 5. d4 e6 6. b3 cxd4 7. Nxd4 Bc5 8. Bb2
O-O 9. c4 Bxd4 10. Bxd4 dxc4 11. Bxc6 bxc6 12. bxc4 Ba6 13. Na3 Qa5 14. Bxf6
gxf6 15. Qb3 Rab8 16. Qf3 f5 17. Rab1 c5 18. Qf4 Rxb1 19. Qg5+ Kh8 20. Qf6+ Kg8
21. Qg5+ Kh8 22. Qf6+ Kg8 23. Qg5+ 1/2-1/2

[Event "Titled Tue 10th Jun Early"]
[Site "chess.com INT"]
[Date "2025.06.10"]
[Round "7"]
[White "Levitan, Caleb Levi"]
[Black "Yang, Daniel"]
[Result "1-0"]
[WhiteTitle "FM"]
[BlackTitle "CM"]
[WhiteElo "2399"]
[BlackElo "2198"]
[WhiteFideId "14332620"]
[BlackFideId "30976340"]
[EventDate "2025.06.10"]

1. e4 c5 2. Nf3 d6 3. d4 cxd4 4. Nxd4 Nf6 5. Nc3 a6 6. Bc4 e6 7. Bb3 Be7 8. g4
b5 9. g5 Nfd7 10. Bxe6 fxe6 11. Nxe6 Qb6 12. Nxg7+ Kf7 13. Nf5 Ne5 14. Qh5+ Ng6
15. Nxe7 Qd4 16. Be3 Qe5 17. Nxg6 hxg6 18. Qf3+ Kg8 19. O-O-O Nc6 20. Bf4 Rh3
21. Qxh3 Bxh3 22. Bxe5 dxe5 23. Rd6 Ne7 24. Nd5 Nxd5 25. exd5 Bg2 26. Re1 1-0

[Event "Titled Tue 10th Jun Early"]
[Site "chess.com INT"]
[Date "2025.06.10"]
[Round "7"]
[White "Ughuzov, Ravan"]
[Black "Vakhlamov, Igor L."]
[Result "0-1"]
[WhiteTitle "FM"]
[BlackTitle "FM"]
[WhiteElo "2295"]
[BlackElo "2413"]
[WhiteFideId "13419315"]
[BlackFideId "24126748"]
[EventDate "2025.06.10"]

1. e4 c5 2. Nf3 g6 3. d4 cxd4 4. Qxd4 Nf6 5. Nc3 Nc6 6. Qa4 d6 7. e5 dxe5 8.
Nxe5 Bg7 9. Nxc6 bxc6 10. Qxc6+ Bd7 11. Qa6 O-O 12. Be2 Qc7 13. O-O Bc6 14. Be3
Rfb8 15. Qa3 a5 16. Bc5 Qb7 17. f3 Qxb2 18. Qxb2 Rxb2 19. Bd3 Nd7 20. Ne4 Nxc5
21. Nxc5 Bd4+ 0-1

[Event "Titled Tue 10th Jun Early"]
[Site "chess.com INT"]
[Date "2025.06.10"]
[Round "7"]
[White "Shimanov, Aleksandr"]
[Black "Barseghyan, Armen Ar."]
[Result "1-0"]
[WhiteTitle "GM"]
[BlackTitle "IM"]
[WhiteElo "2578"]
[BlackElo "2348"]
[WhiteFideId "4198603"]
[BlackFideId "13306707"]
[EventDate "2025.06.10"]

1. d4 Nf6 2. c4 e6 3. Bg5 d5 4. cxd5 exd5 5. Nc3 Be7 6. e3 O-O 7. Bd3 Re8 8. Nf3
Bg4 9. Qb3 Bxf3 10. gxf3 Nbd7 11. O-O-O c5 12. Bf5 cxd4 13. Rxd4 Ne5 14. f4 Nf3
15. Bxf6 Bxf6 16. Rxd5 Qc7 17. Rd7 Qc5 18. Qxf7+ Kh8 19. Qh5 h6 20. Qg6 1-0